Anjelov zaujíma zisk, nie charita
Ako sa pozerajú na biznis plány tí, ktorí ich financujú. Je to iba percento úspechu. Biznis anjeli na Slovensku. Odvetvia, ktoré sú momentálne najpopulárnejšie na investovanie. Ako vyrastú firmy.
Guardado en:
| Autor principal: | |
|---|---|
| Formato: | Capítulo de libro |
| Lenguaje: | eslovaco |
| Materias: | |
| Etiquetas: |
Sin Etiquetas, Sea el primero en etiquetar este registro!
|
MARC
| LEADER | 00000naa a2200000 4500 | ||
|---|---|---|---|
| 001 | 0150389 | ||
| 005 | 20240502072714.5 | ||
| 041 | 0 | |a slo | |
| 044 | |a SK | ||
| 245 | 1 | 0 | |a Anjelov zaujíma zisk, nie charita |c Dominik Orfánus |
| 520 | |a Ako sa pozerajú na biznis plány tí, ktorí ich financujú. Je to iba percento úspechu. Biznis anjeli na Slovensku. Odvetvia, ktoré sú momentálne najpopulárnejšie na investovanie. Ako vyrastú firmy. | ||
| 610 | 2 | 0 | |a podnikanie |
| 610 | 2 | 0 | |a podnikatelia |
| 610 | 2 | 0 | |a investovanie |
| 610 | 2 | 0 | |a financovanie investícií |
| 610 | 2 | 0 | |a firmy |
| 100 | 1 | |a Orfánus, Dominik | |